000 00391nam a2200133Ia 4500
008 220217s9999||||xx |||||||||||||| ||und||
020 _a81-7808-359-0
082 _a004.67 DEI
100 _aDeitel, H.M. Deitel, P.J. & Goldberg A.B.
_93338
245 0 _aInternet and world wide web : How to program
260 _aPearson education asia
_bDelhi
_c2003
300 _b325
650 _aWWW
999 _c171426
_d171426